<?xml version="1.0" encoding="UTF-8"?>
<record
    xmlns:xsi="http://www.w3.org/2001/XMLSchema-instance"
    xsi:schemaLocation="http://www.loc.gov/MARC21/slim http://www.loc.gov/standards/marcxml/schema/MARC21slim.xsd"
    xmlns="http://www.loc.gov/MARC21/slim">

  <leader>02210nam a2200289   4500</leader>
  <controlfield tag="001">108737</controlfield>
  <controlfield tag="003">DR-UNIBE</controlfield>
  <controlfield tag="005">20260511151125.0</controlfield>
  <controlfield tag="008">220202b2014    dr ||||| |||| 00| 0 spa d</controlfield>
  <datafield tag="040" ind1=" " ind2=" ">
    <subfield code="a">BIBLIOTECA UNIBE</subfield>
    <subfield code="c">BIBLIOTECA UNIBE</subfield>
  </datafield>
  <datafield tag="041" ind1=" " ind2=" ">
    <subfield code="a">spa</subfield>
  </datafield>
  <datafield tag="082" ind1=" " ind2=" ">
    <subfield code="a">RD 342.037293 P426r 2014</subfield>
  </datafield>
  <datafield tag="100" ind1=" " ind2=" ">
    <subfield code="9">53494</subfield>
    <subfield code="a">Peralta Romero, Rafael,</subfield>
    <subfield code="d">1948 -</subfield>
    <subfield code="e">autor</subfield>
  </datafield>
  <datafield tag="245" ind1=" " ind2=" ">
    <subfield code="a">Reformas a la Constituci&#xF3;n Pol&#xED;tica Dominicana 1994-2002-2010 /</subfield>
    <subfield code="c">Rafael Peralta Romero, Antoliano Peralta Romero ; pr&#xF3;logo: Ramonina Brea  ; dise&#xF1;o de portada: Denis Mota &#xC1;lvarez </subfield>
  </datafield>
  <datafield tag="260" ind1=" " ind2=" ">
    <subfield code="a">Santo Domingo :</subfield>
    <subfield code="b">Editorial Gente,</subfield>
    <subfield code="c">2014</subfield>
  </datafield>
  <datafield tag="300" ind1=" " ind2=" ">
    <subfield code="a">444 p&#xE1;ginas</subfield>
  </datafield>
  <datafield tag="500" ind1=" " ind2=" ">
    <subfield code="a">En la portada el mural de Aurelio Crosiet en el sal&#xF3;n de la Asamblea Nacional, 1957. Incluye pr&#xF3;logo, presentaci&#xF3;n, anexos, ep&#xED;logo.
Datos de los autores en las solapas, comentario de la obra en la contraportada </subfield>
  </datafield>
  <datafield tag="504" ind1=" " ind2=" ">
    <subfield code="a">Incluye bibliograf&#xED;a</subfield>
  </datafield>
  <datafield tag="505" ind1=" " ind2=" ">
    <subfield code="a">Primera parte. Reforma constitucional de 1994, 19.  Rese&#xF1;a hist&#xF3;rica, 21.  Constituci&#xF3;n proclamada en 1994, 37.  Anexo I (Ley 16-94), 91.   Anexo II (Pacto por la democracia), 97.   Anexo III (Declaraci&#xF3;n de Jos&#xE9; O. Leger), 103.  Anexo IV (Declaraci&#xF3;n de Frank Moya Pons), 107.   Bibliograf&#xED;a, 121.  Segunda parte. Reforma constitucional de 2002, 123.  Rese&#xF1;a hist&#xF3;rica, 125.  Constituci&#xF3;n proclamada en 2002, 131.   Anexo I (Ley 73-02), 195.  Anexo II (Buen tino), 201.  Bibliograf&#xED;a, 207.  Tercera parte. Reforma constitucional de 2010, 209.  Rese&#xF1;a hist&#xF3;rica, 211.  Constituci&#xF3;n proclamada en 2010, 237.  Anexo I (Decreto 323-06), 379.  Anexo II (Ley 70-09), 385.   Anexo III (Decreto 24-09), 401.   Anexo IV (Discurso de proclamaci&#xF3;n, Presidente Leonel Fern&#xE1;ndez), 405.   Anexo V (Otro discurso de Leonel Fern&#xE1;ndez), 425.   Bibliograf&#xED;a, 437.  Ep&#xED;logo, 439.</subfield>
  </datafield>
  <datafield tag="650" ind1=" " ind2=" ">
    <subfield code="a">Reformas constitucionales</subfield>
    <subfield code="z">Rep&#xFA;blica Dominicana</subfield>
    <subfield code="9">30189</subfield>
  </datafield>
  <datafield tag="651" ind1=" " ind2=" ">
    <subfield code="a">Rep&#xFA;blica Dominicana</subfield>
    <subfield code="x">Constituci&#xF3;n</subfield>
    <subfield code="9">622</subfield>
  </datafield>
  <datafield tag="651" ind1=" " ind2=" ">
    <subfield code="a">Rep&#xFA;blica dominicana </subfield>
    <subfield code="x">Historia constitucional</subfield>
    <subfield code="9">194322</subfield>
  </datafield>
  <datafield tag="700" ind1=" " ind2=" ">
    <subfield code="9">148060</subfield>
    <subfield code="a">Peralta Romero, Antoliano</subfield>
    <subfield code="e">autor</subfield>
  </datafield>
  <datafield tag="700" ind1=" " ind2=" ">
    <subfield code="a">Mota &#xC1;lvarez, Denis</subfield>
    <subfield code="c">dise&#xF1;ador de portada</subfield>
    <subfield code="9">204816</subfield>
  </datafield>
  <datafield tag="700" ind1=" " ind2=" ">
    <subfield code="a">Brea, Ramonina</subfield>
    <subfield code="9">26886</subfield>
    <subfield code="e">prologuista</subfield>
  </datafield>
  <datafield tag="942" ind1=" " ind2=" ">
    <subfield code="2">ddc</subfield>
    <subfield code="c">BK</subfield>
  </datafield>
  <datafield tag="999" ind1=" " ind2=" ">
    <subfield code="c">108737</subfield>
    <subfield code="d">108737</subfield>
  </datafield>
  <datafield tag="952" ind1=" " ind2=" ">
    <subfield code="0">0</subfield>
    <subfield code="1">0</subfield>
    <subfield code="2">ddc</subfield>
    <subfield code="7">0</subfield>
    <subfield code="8">GEN-RD</subfield>
    <subfield code="a">Principal</subfield>
    <subfield code="d">2020-02-02</subfield>
    <subfield code="l">0</subfield>
    <subfield code="o">RD 342.037293 P426r 2014</subfield>
    <subfield code="p">220012</subfield>
    <subfield code="r">2022-02-02 00:00:00</subfield>
    <subfield code="t">Ej. 1</subfield>
    <subfield code="w">2022-02-02</subfield>
    <subfield code="y">BK</subfield>
  </datafield>
</record>
